| 000 | 00429nam a22001817a 4500 | ||
|---|---|---|---|
| 999 |
_c524494 _d524494 |
||
| 003 | NUST | ||
| 020 | _a978-969-562-539-2 | ||
| 038 | _aNUST | ||
| 082 |
_a891.423 _bIJA |
||
| 100 |
_aIjaz _915308 |
||
| 245 |
_aLohawar / _cIjaz. |
||
| 260 |
_aLahore : _bFiction House, _c2017. |
||
| 300 |
_a111 p. ; _c18 cm. |
||
| 500 | _aHardback. | ||
| 880 |
_6100-01/r _aاعجاز. |
||
| 880 |
_6245-02/r _a/ لوہاور |
||
| 942 |
_2ddc _cBK |
||